Nazwij tego kota - Quiz obrazkowy - Statystyki

Ogólne statystyki
  • Ten quiz został rozwiązany 747 razy
  • Średni wynik to 7 z 12
Statystyki odpowiedzi
Obrazkowy Odpowiedź % Poprawnych
Tygrys
99%
Lew
94%
Kot domowy
86%
Ryś
86%
Gepard
75%
Puma
68%
Lampart plamisty
64%
Jaguar
45%
Żbik europejski
37%
Ocelot
28%
Irbis śnieżny
27%
Serwal
21%
Nie znaleziono quizów pasujących do podanych kryteriów
Rozkład punktacji
Procent ludzi z każdym wynikiem
Percentyl według liczby udzielonych odpowiedzi
Twoja historia wyników
Nie rozwiązałeś tego quizu